000 02197cam a22004097a 4500
001 15159211
003 EG-ScBUE
005 20221027113330.0
008 080129t2008 gw ae f b 001 0 eng d
020 _a3791339265
020 _a9783791339269
035 _a(OCoLC)ocn191856233
040 _aYDXCP
_beng
_erda
_cYDXCP
_dBAKER
_dOHX
_dTXA
_dBWX
_dEMU
_dIXA
_dCUY
_dAU@
_dYBM
_dDLC
_dEG-ScBUE
041 1 _aeng
_hger
082 0 4 _a720.9
_222
_bPFA
100 1 _aPfammatter, Ulrich,
_eauthor.
_95765
240 1 0 _aIn die Zukunft gebaut.
_lEnglish
245 1 0 _aBuilding the future :
_bbuilding technology and cultural history from the Industrial Revolution until today /
_cUlrich Pfammatter ; [translated from the German by Jeremy Gaines and James Roderick O'Donovan].
264 1 _aMunich ;
_aNew York :
_bPrestel,
_c[2008]
264 4 _cc2008
300 _a325 pages :
_billustrations (chiefly color), plans ;
_c29 cm
336 _2rdacontent
_atext
_btxt
337 _2rdamedia
_aunmediated
_bn
338 _2rdacarrier
_avolume
_bnc
504 _aIncludes bibliographical references and index.
505 0 _aFrom greenhouse to 'high-tech' hothouse' - virtual experience space of industrial and communicative societies -- Building as an art or the art of building? Railway sheds, expo pavilions, terminals - spatial landscapes of the future -- How concrete became lighter - 100 years of concrete pioneers -- The 'liberated facade' - from wall to partition to skin -- Process thinking conquers construction - industrialisation from the balloon frame to the skyscraper -- "Sustainable building design" - a future project -- Sir Ove Arup: the key search, 1970.
546 _aText in English ; translated from the original German.
650 7 _aArchitecture, Modern
_y19th century.
_2BUEsh
_95766
650 7 _aArchitecture, Modern
_y20th century.
_2BUEsh
_95767
650 7 _aArchitectural design.
_2BUEsh
_95768
650 7 _aBuilding
_xTechnological innovations.
_2BUEsh
_95769
650 7 _aBuilding materials
_xTechnological innovations.
_2BUEsh
_95770
653 _bENGARC
655 _vReading book
942 _2ddc
_cBB
999 _c11730
_d11730